Virginia's original 8 counties - Statistics

General Stats
  • This quiz has been taken 6 times
  • The average score is 3 of 8
Answer Stats
Answer Note % Correct
Charles City Extant
83%
James City Extant
83%
Accomac Renamed Northampton County
67%
Elizabeth City Now City of Hampton
33%
Henrico Extant
33%
Charles River Renamed York County
0%
Warwick River City of Newport News
0%
Warrosquayoake Renamed Isle of Wight County
0%
No matching quizzes found
Score Distribution
Percent of People with Each Score
Percentile by Number Answered
Your Score History
You have not taken this quiz